Psicología de la comunicación : (Record no. 88491)

MARC details
000 -CABECERA
campo de control de longitud fija 00709nam a2200229 a 4500
005 - FECHA Y HORA DE LA ÚLTIMA TRANSACCIÓN
campo de control 20240113063653.0
008 - ELEMENTOS DE LONGITUD FIJA--INFORMACIÓN GENERAL
campo de control de longitud fija 020116s1999 mx r 000 0 spa d
020 ## - NÚMERO INTERNACIONAL NORMALIZADO PARA LIBROS
Número Internacional Estándar del Libro 9586821196
035 ## - NÚMERO DE CONTROL DEL SISTEMA
Número de control de sistema UPN01000114585
049 ## - COLECCIÓN
Colección CG
050 #4 - SIGNATURA TOPOGRÁFICA DE LA BIBLIOTECA DEL CONGRESO
Número de clasificación P96
Número de documento/Ítem L6.6 1999
100 1# - ASIENTO PRINCIPAL--NOMBRE PERSONAL
Nombre de persona López, Alejandro
245 10 - MENCIÓN DE TÍTULO
Título Psicología de la comunicación :
Resto del título textos y ejercicios /
Mención de responsabilidad, etc. Alejandro López, Andrea Parada, Franco Simonetti.
250 ## - MENCIÓN DE EDICIÓN
Mención de edición 4a ed.
260 ## - PUBLICACIÓN, DISTRIBUCIÓN, ETC.
Lugar de publicación, distribución, etc. Santa Fé de Bogotá :
Nombre del editor, distribuidor, etc. Alfaomega,
Fecha de publicación, distribución, etc. 1999.
300 ## - DESCRIPCIÓN FÍSICA
Extensión 244 p.
650 #4 - ASIENTO SECUNDARIO DE MATERIA - TERMINO TEMATICO
Término de materia o nombre geográfico como elemento de entrada COMUNICACION -
Subdivisión general ASPECTOS PSICOLOGICOS
9 (RLIN) 9543
650 #4 - ASIENTO SECUNDARIO DE MATERIA - TERMINO TEMATICO
Término de materia o nombre geográfico como elemento de entrada Comunicación
9 (RLIN) 9285
700 1# - ASIENTO SECUNDARIO--NOMBRE DE PERSONAL
Nombre de persona Parada, Andrea,
Término indicativo de función/relación coaut.
700 1# - ASIENTO SECUNDARIO--NOMBRE DE PERSONAL
Nombre de persona Simonetti, Franco,
Término indicativo de función/relación coaut.
905 ## - TIPO DE MATERIAL
Tipo de material Libro
Holdings
Estado de retiro Estado de pérdida Fuente del sistema de clasificación o colocación Estado dañado No para préstamo Código de colección Localización permanente Ubicación/localización actual Ubicación en estantería Fecha de adquisición Total de préstamos Clasificación Código de barras Fecha visto por última vez Fecha del último préstamo Número de copia Tipo de ítem Koha
    Library of Congress Classification     Colección General Bib. Gregorio Torres Quintero Bib. Gregorio Torres Quintero Planta baja 10/03/2023 15 P96 L6.6 1999 188372 21/03/2023 10/03/2023 1 Libro